Republic of Zambia ministry of labour and social services industrial relations court annual report (1985, 1979 and 1980) (Record no. 80124)
[ view plain ]
| 000 -LEADER | |
|---|---|
| fixed length control field | 01034nam a2200181 a 4500 |
| 008 - FIXED-LENGTH DATA ELEMENTS--GENERAL INFORMATION | |
| fixed length control field | 090520s1985 ||||||||||||||||| || u |
| 050 ## - LIBRARY OF CONGRESS CALL NUMBER | |
| Classification number | GOV.ZAM(058)IRC/1980 |
| 110 ## - MAIN ENTRY--CORPORATE NAME | |
| Corporate name or jurisdiction name as entry element | Government of the Republic of Zambia. Ministry of Labour and Social Services |
| 245 10 - TITLE STATEMENT | |
| Title | Republic of Zambia ministry of labour and social services industrial relations court annual report (1985, 1979 and 1980) |
| Statement of responsibility, etc. | Ministry of Labour and Social Services Industrial Relations Court |
| 260 ## - PUBLICATION, DISTRIBUTION, ETC. | |
| Place of publication, distribution, etc. | Lusaka: |
| Name of publisher, distributor, etc. | Government Printer |
| Date of publication, distribution, etc. | 1985 |
| 300 ## - PHYSICAL DESCRIPTION | |
| Extent | 5p. |
| 350 ## - | |
| -- | 0.00 |
| 500 ## - GENERAL NOTE | |
| General note | LIBRARY HOLDINGS: 1985, 1979 and 1980 |
| 650 ## - SUBJECT ADDED ENTRY--TOPICAL TERM | |
| Topical term or geographic name entry element | MINISTRY OF LABOUR AND SOCIAL SECURITY--ANNUAL REPORT |
| 650 ## - SUBJECT ADDED ENTRY--TOPICAL TERM | |
| Topical term or geographic name entry element | LABOUR RELATIONS--ZAMBIA |
| 995 ## - | |
| -- | SPECIAL COLLECTIONS |
| -- | 0.00 |
| -- | 03004023 |
| -- | CBU-MAIN LIBRARY (Kitwe) |
| -- | 1 |
| -- | 0.00 |
| -- | GOV.ZAM(058)IRC/1980 |
| -- | 1 |
| -- | AVAILABLE |
| -- | May 20, 2009 |
| -- | 03004023 |
| -- | Zambiana Collection |
| 995 ## - | |
| -- | SPECIAL COLLECTIONS |
| -- | 0.00 |
| -- | 03004021 |
| -- | CBU-MAIN LIBRARY (Kitwe) |
| -- | 1 |
| -- | 0.00 |
| -- | GOV.ZAM(058)IRC/1985 |
| -- | 2 |
| -- | AVAILABLE |
| -- | May 20, 2009 |
| -- | 03004021 |
| -- | Zambiana Collection |
| 999 ## - | |
| -- | 80124 |
| -- | 80124 |
| Withdrawn status | Lost status | Source of classification or shelving scheme | Damaged status | Not for loan | Permanent Location | Current Location | Shelving location | Date acquired | Total Checkouts | Full call number | Barcode | Date last seen | Copy number | Price effective from | Koha item type |
|---|---|---|---|---|---|---|---|---|---|---|---|---|---|---|---|
| CBU-MAIN LIBRARY, KITWE. | CBU-MAIN LIBRARY, KITWE. | 06/29/2023 | GOV.ZAM(058)IRC/1980 | 03004023 | 06/29/2023 | 1 | 06/29/2023 | SPECIAL COLLECTION | |||||||
| CBU-MAIN LIBRARY, KITWE. | CBU-MAIN LIBRARY, KITWE. | 06/29/2023 | GOV.ZAM(058)IRC/1985 | 03004021 | 06/29/2023 | 2 | 06/29/2023 | SPECIAL COLLECTION |